|
|
|
|
| LEADER |
00000nam a2200000 a 4500 |
| 001 |
UCZ3122 |
| 003 |
CL-VaPUC |
| 008 |
951020e19570000AG |||||||||||||||||spa|d |
| 082 |
0 |
4 |
|a 102
|b ROM
|2 21
|
| 100 |
0 |
|
|a Romero, Francisco
|e author
|9 346916
|
| 245 |
1 |
0 |
|a Filósofos y problemas
|
| 300 |
|
|
|a 139 p
|
| 942 |
|
|
|c BK
|
| 945 |
|
|
|d 19951020 00:00:00
|a rbrito
|
| 260 |
|
|
|a Buenos Aires
|b Losada
|c 1957
|
| 650 |
|
0 |
|a Filosofía
|9 223554
|
| 583 |
|
|
|a last modification
|c 19951020 00:00:00
|k Rodrigo Vera
|
| 999 |
|
|
|c 239640
|d 239638
|
| 952 |
|
|
|0 0
|1 0
|4 0
|6 102_000000000000000_ROM_1957
|7 0
|8 P
|9 250916
|a BIBEDU
|b BIBEDU
|c BIBEDU_PB
|d 2019-11-18
|i 3129713
|o 102 ROM 1957
|p 3129713
|r 2024-01-25
|w 2019-11-18
|y BK
|k FIL
|